| 000 | 00435nam a2200169Ia 4500 | ||
|---|---|---|---|
| 008 | 230917s9999||||xx |||||||||||||| ||und|| | ||
| 020 | _cRS38 | ||
| 040 |
_e26134 _aMAIN |
||
| 041 | _aEnglish | ||
| 082 | _a330.1, C455A | ||
| 100 | _aChopra, P N | ||
| 245 | 0 | _aAdvanced economic theory: Micro and macro analysis | |
| 250 | _a5th ed. | ||
| 260 |
_aNew Delhi _bKalyani publishers _c2982 |
||
| 300 | _aVarious pages p. | ||
| 942 | _cOB | ||
| 999 |
_c232213 _d232213 |
||